喜歡大東西的國王
| 資料類型: | 圖書 | 書目號: | 51133 |
Leader xxxxxxxxxx 001 __ 102470/5/01 005 __ 20170410105903.530 010 0_ |a978-986-479-109-5|b精裝|d新臺幣300元 042 __ |anbim 100 __ |a20170410d2017 k y0chiy50 e 101 0_ |achi 102 __ |atw 105 __ |aa z 000fy 200 1_ |a喜歡大東西的國王|f安野光雅文.圖|g陳珊珊譯 205 __ |a第一版 210 __ |a臺北市|c遠見天下文化|d2017[民106] 215 0_ |a1冊|c圖|d28公分 225 12 |a繪本館|v157 527 11 |aれれわス パソソ エわス れよイネ|zjpn 700 _1 |a安野|b光雅|4文.圖 702 _1 |a陳|b珊珊|4譯 681 __ |a859.6|b8366 801 _0 |atw|bLibDipper|c20170410|gCCR |